000 01339nam a2200241 a 4500
001 000000771
005 20250226110624.0
008 090509s2007 sp ac 000 0 spa d
020 _a9972209210
040 _aDO-SdBNP
_bspa
_cBNPHU
082 _a747.797
_bM938p
100 1 _aMoya, Sandra
_92601
245 1 0 _aProyectos creativos para baños & cocinas /
_cSandra Moya ; editor Cristian Campos.
260 _aBarcelona, España :
_bLexus,
_c2007.
300 _a199 p. :
_bil. retrs. ;
_c33 cm.
505 0 _tIntroducción --
_tBaños --
_tEl baño en casa --
_tBaños cerrados --
_tBaños abiertos --
_tBaños dentro de la habitación --
_tBaños pequeños --
_tTipos de baños --
_tEstilos -- Minimalista --
_tRomántico --
_tMateriales --
_tVidrio --
_tMetal --
_tMosaico --
_tPiedra --
_tIluminación y color --
_tElementos sanitarios y accesorios --
_tBañeras --
_tDuchas --
_tLavamanos --
_tInodoros --
_tAccesorios --
_tCocinas --
_tTipos de cocinas --
_tCocinas cerradas --
_tCocinas abiertas --
_tCocinas-isla --
_tEstilos --
_tCocinas minimalistas --
_tCocinas urbanas --
_tCocinas rústicas --
_tAlmacenamiento --
_tAccesorios.
650 0 _aDecoración de interiores
_92641
650 4 _aBaños
_92642
650 0 _aCocina
_9360
650 4 _aEnseres domésticos
_92643
700 1 2 _aCampos, Cristian
_eed.
_92644
910 _aValidado. Control de calidad MFF
999 _c767
_d767